000
00209 a2200097 4500
001
1470
100
_a
Jennings, R.F
245
_a
Gao & AC are welding & cutting
260
_a
_b
Mcknight
_c
090
_c
1013
_d
1013
942
_a
NUST-CAE
_c
M
_c
148
999
_c
236543
_d
236543